000 00434nam a2200181Ia 4500
001 23436
005 20260414150937.0
008 260414t2009||||xx |||||||||||||| ||spa||
041 _aESP
082 _a650.01513
_bC268
100 _aCourt Monteverde, Eduardo
_eAUT
245 0 _aMatemáticas financieras
_b
260 _c2009
300 _a400 páginas :
_c28 cm.
650 _aGEN
654 _aCCO
942 _cLIB
_dJUS
_fJUS
_2ddc
_n
999 _c23436
_d23436